| 000 | 01049nam a2200277Ia 4500 | ||
|---|---|---|---|
| 003 | OSt | ||
| 005 | 20210824144212.0 | ||
| 008 | 210310t1978 mx fr 001 0 spa d | ||
| 020 | _a9684321767 | ||
| 040 |
_aCO-JMCR _cCO-JMCR |
||
| 041 | 0 | _aspa | |
| 082 | 0 | 4 |
_a340.7 / _bG215i1 _223 |
| 100 | 1 |
_aGarcía Maynez, Eduardo, _917169 _eautor |
|
| 245 | 1 | 0 |
_aIntroducción al estudio del derecho / _cEduardo García Maynez ; prólogo de Virgilio Domínguez |
| 250 | _aVigesimonovena edición revisada | ||
| 260 |
_aMéxico : _bEditorial Porrua, _c©1978 |
||
| 300 |
_axv, 444 páginas ; _c22 cm. |
||
| 500 | _aIncluye notas a pie de página e índice de materias. | ||
| 505 | 0 | _aLa noción del derecho -- Las disciplinas jurídicas -- Los conceptos jurídicos fundamentales -- La técnica jurídica | |
| 650 | 1 | 4 |
_aDerecho _917171 _xEnseñanza |
| 650 | 2 | 4 |
_aFilosofía del derecho _97925 |
| 650 | 2 | 4 |
_aDerechos civiles _939625 |
| 650 | 2 | 4 |
_aDerechos políticos _939618 |
| 700 | 1 |
_aDomínguez, Virgilio, _eprologuista _939619 |
|
| 942 |
_2ddc _cBK |
||
| 999 |
_c8403 _d8403 |
||